25_滋賀県の市町村(ひらがな対応・五十音順) - Statistics

General Stats
  • This quiz has been taken 63 times
  • The average score is 16 of 19
Answer Stats
種類 市町村名 % Correct
大津市
98%
高島市
93%
長浜市
93%
彦根市
93%
近江八幡市
90%
米原市
90%
草津市
88%
東近江市
88%
甲賀市
85%
多賀町
83%
栗東市
83%
愛荘町
80%
湖南市
80%
守山市
78%
野洲市
78%
竜王町
76%
日野町
73%
甲良町
66%
豊郷町
66%
No matching quizzes found
Score Distribution
Percent of People with Each Score
Percentile by Number Answered
Your Score History
You have not taken this quiz